00545cam a22002171 4500001001300000003000400013005001700017008004100034010001700075035002000092040001800112042001200130050001500142100004500157245004400202260001100246300001900257500001500276650001900291999001700310ne 63002315 DLC20260227111752.0890620q19601963xx 000 0 ara  ane 63002315  a(OCoLC)23490339 aDLCcMiUdDLC apremarc00aDS223b.R31 aRamādī, Muḥammad Jamāl al-Dīn.10aṢafaḥāt min tārīkh al-ʻArab. c[196-] a117 p.c20 cm. aRomanized. 0aArabsxHistory c46413d46413